000 01034nam a2200205Ia 4500
003 Ost
005 20260507075653.0
008 260507s9999||||xx |||||||||||||| ||und||
040 _cfsecg
041 _aara
082 _a657.46
100 _aياسين، فؤاد توفيق
_eمؤلف
245 0 _aالمحاسبة الضريبية /
_c فؤاد توفيق ياسين
260 _aعمان:
_bدار اليازوري العلمية للنشر والتوزيع,
_c2005
300 _a386 صفحة؛
_bإيضاحات ؛
_c25 سم
504 _aالمراجع ص.384
520 _aالمدخل الى المحاسبة الضريبية- خصائص الضريبة على الدخل في الأردن- تحليل الوعاء الضريبي- نسب الضريبة- مراحل تقدير الضريبة- تحصيل ضريبة الدخل والرديات- العقوبات والغرمات لعدم الإمتثال للقانون- حصيلة ضريبة الدخل.
653 _aالمحاسبة- الضرائب
942 _cكتاب
999 _c45648
_d45648